La mort
Αποθηκεύτηκε σε:
| Κύριος συγγραφέας: | |
|---|---|
| Μορφή: | Βιβλίο |
| Γλώσσα: | French |
| Δημοσίευση: |
Paris :
Presses Universitaires de France,
1988.
|
| Σειρά: | Que sais-je?
236 |
| Θέματα: | |
| Ετικέτες: |
Προσθήκη ετικέτας
Δεν υπάρχουν, Καταχωρήστε ετικέτα πρώτοι!
|
MARC
| LEADER | 00000cam a2200000 i 4500 | ||
|---|---|---|---|
| 001 | 1/821 | ||
| 008 | 950705s1988 fr | ||| |||| ||fre|| | ||
| 020 | |a 2130417299 | ||
| 035 | |l 10014215 | ||
| 040 | |a GR-MyUa |b gre |e AACR2 | ||
| 041 | 0 | |a fre | |
| 082 | 7 | |a 306.9 |2 (22) | |
| 100 | 1 | |a Thomas, Louis-Vincent, |d 1922-1994. | |
| 245 | 1 | 3 | |a La mort / |c Louis-Vincent Thomas. |
| 260 | |a Paris : |b Presses Universitaires de France, |c 1988. | ||
| 300 | |a 125 σ. ; |c 18 εκ. | ||
| 490 | 1 | |a (Que sais-je ? ; |v 236) | |
| 650 | 0 | 0 | |a Death. |
| 830 | 0 | |a Que sais-je? |v 236 | |
| 852 | |a INST |b LESVOS |e 19950705 |h 306.9 THO |p 005100008011 |q 005100008011 |t BK |y 0 | ||